[Event "GER-chT Seniors 19th"]
[Site "Eckernfoerde"]
[Date "2010.09.17"]
[Round "5.2"]
[White "Walter, Berthold"]
[Black "Oldach, Ehrenfried"]
[Result "1-0"]
[WhiteElo "1946"]
[BlackElo "1968"]
[PlyCount "53"]
[EventDate "2010.09.13"]
[EventType "team-swiss"]
[EventRounds "7"]
[EventCountry "GER"]
[SourceTitle "EXT 2011"]
[Source "ChessBase"]
[SourceDate "2010.11.26"]
[SourceVersion "1"]
[SourceVersionDate "2010.11.26"]
[SourceQuality "1"]
[WhiteTeam "Rheinland Pfalz II"]
[BlackTeam "Mecklenburg Vorpommern II"]
[WhiteTeamCountry "GER"]
[BlackTeamCountry "GER"]

1. e4 e5 2. Nf3 Nc6 3. Bb5 a6 4. Ba4 Nf6 5. 0-0 Be7 6. Re1 b5 7. Bb3 d6 8. c3 Na5 9. Bc2 c5 10. a4 0-0 11. axb5 axb5 12. b4 Bg4 13. bxa5 Rxa5 14. Rxa5 Qxa5 15. d3 Bxf3 16. Qxf3 Qa2 17. Qd1 b4 18. cxb4 cxb4 19. Nd2 Rc8 20. Bb3 Qa1 21. Nc4 d5 22. exd5 Nxd5 23. Nxe5 Nc3 24. Bxf7+ Kf8 25. Qf3 Bf6 26. Bc4 b3 27. Nd7# 1-0

[Event "GER-chT Seniors 19th"]
[Site "Eckernfoerde"]
[Date "2010.09.14"]
[Round "2.2"]
[White "Niebling, Ferdinand"]
[Black "Walter, Berthold"]
[Result "1-0"]
[WhiteElo "2028"]
[BlackElo "1946"]
[PlyCount "65"]
[EventDate "2010.09.13"]
[EventType "team-swiss"]
[EventRounds "7"]
[EventCountry "GER"]
[SourceTitle "EXT 2011"]
[Source "ChessBase"]
[SourceDate "2010.11.26"]
[SourceVersion "1"]
[SourceVersionDate "2010.11.26"]
[SourceQuality "1"]
[WhiteTeam "Hessen II"]
[BlackTeam "Rheinland Pfalz II"]
[WhiteTeamCountry "GER"]
[BlackTeamCountry "GER"]

1. d4 Nf6 2. c4 e6 3. Nc3 Bb4 4. f3 Nh5 5. g3 c5 6. d5 Bxc3+ 7. bxc3 e5 8. e4 d6 9. Bd3 0-0 10. Be3 g6 11. Qd2 Ng7 12. Ne2 f5 13. 0-0 fxe4 14. fxe4 Bh3 15. Bg5 Qe8 16. Rxf8+ Qxf8 17. Qe3 Nd7 18. Kh1 Nf6 19. Bxf6 Qxf6 20. Ng1 Bd7 21. Rf1 Qe7 22. Kg2 a6 23. Nf3 b5 24. Qh6 bxc4 25. Bxc4 Nh5 26. Ng5 Qg7 27. Qxg7+ Nxg7 28. Nf7 Rb8 29. Nxd6 Rb2+ 30. Kg1 Bb5 31. Bxb5 axb5 32. Nf7 Rxa2 33. Nh6+ 1-0

[Event "SVR-ch Seniors 33rd"]
[Site "Mendig"]
[Date "2010.04.01"]
[Round "5"]
[White "Gebhardt, Ulrich"]
[Black "Walter, Berthold"]
[Result "1-0"]
[WhiteElo "1781"]
[BlackElo "2052"]
[PlyCount "63"]
[EventDate "2010.03.26"]
[EventType "swiss"]
[EventRounds "7"]
[EventCountry "GER"]
[SourceTitle "EXT 2011"]
[Source "ChessBase"]
[SourceDate "2010.11.26"]
[SourceVersion "1"]
[SourceVersionDate "2010.11.26"]
[SourceQuality "1"]

1. d4 Nf6 2. c4 e6 3. g3 c5 4. d5 exd5 5. cxd5 d6 6. Nc3 g6 7. e4 Bg7 8. Bg2 0-0 9. Nf3 Re8 10. Nd2 a6 11. a4 Nbd7 12. 0-0 Rb8 13. a5 Ne5 14. Qc2 b5 15. axb6 Qxb6 16. Ra3 Bd7 17. f4 Nd3 18. Nc4 Nb4 19. Nxb6 Nxc2 20. Nxd7 Nxd7 21. Rxa6 Nb6 22. Ra7 Nc4 23. e5 dxe5 24. fxe5 Nxe5 25. d6 Rbd8 26. Re7 Kf8 27. Ne4 Rxe7 28. dxe7+ Kxe7 29. Bg5+ f6 30. Nxf6 Nf3+ 31. Bxf3 Rb8 32. Nh5+ 1-0

[Event "SVR-ch Seniors 33rd"]
[Site "Mendig"]
[Date "2010.03.27"]
[Round "2"]
[White "Walter, Berthold"]
[Black "Ningel, Heinz"]
[Result "1-0"]
[WhiteElo "2052"]
[BlackElo "1537"]
[PlyCount "55"]
[EventDate "2010.03.26"]
[EventType "swiss"]
[EventRounds "7"]
[EventCountry "GER"]
[SourceTitle "EXT 2011"]
[Source "ChessBase"]
[SourceDate "2010.11.26"]
[SourceVersion "1"]
[SourceVersionDate "2010.11.26"]
[SourceQuality "1"]

1. e4 e6 2. d4 d5 3. e5 c5 4. c3 Nc6 5. Nf3 Qb6 6. Be2 cxd4 7. cxd4 Bb4+ 8. Kf1 Bd7 9. a3 Be7 10. Nc3 Rc8 11. Na4 Qc7 12. b4 Nb8 13. Nc5 b6 14. Nxd7 Qxd7 15. Bd3 Bf8 16. Bd2 Ne7 17. Qe2 g6 18. h4 Bg7 19. h5 Qb7 20. g4 a6 21. hxg6 hxg6 22. Kg2 Rxh1 23. Rxh1 b5 24. Bh6 Kf8 25. Qe3 Ng8 26. Bxg7+ Kxg7 27. Ng5 Nh6 28. Nxe6+ 1-0

[Event "GER-chT Seniors 17th"]
[Site "Berlin"]
[Date "2008.09.05"]
[Round "6"]
[White "Adibekian, Roubik"]
[Black "Walter, Berthold"]
[Result "1/2-1/2"]
[WhiteElo "2232"]
[BlackElo "2076"]
[PlyCount "52"]
[EventDate "2008.08.31"]
[EventType "team-swiss"]
[EventRounds "7"]
[EventCountry "GER"]
[SourceTitle "CBM 126 Extra"]
[Source "ChessBase"]
[SourceDate "2008.11.05"]
[SourceVersion "1"]
[SourceVersionDate "2008.11.05"]
[SourceQuality "1"]

1. d4 Nf6 2. Nf3 e6 3. g3 d5 4. Bg2 c5 5. c4 dxc4 6. Qa4+ Bd7 7. Qxc4 Na6 8. 0-0 Rc8 9. Nc3 b5 10. Nxb5 Qb6 11. Nc3 cxd4 12. Qxd4 Bc5 13. Qd1 Bc6 14. Na4 Qb7 15. Nxc5 Nxc5 16. Be3 Ncd7 17. Qd4 0-0 18. b3 Nb6 19. Rfd1 Nfd5 20. Bc1 f6 21. Ba3 Rfe8 22. Rac1 e5 23. Qb2 Rcd8 24. e3 Nxe3 25. Rxd8 Rxd8 26. fxe3 Bxf3 1/2-1/2

[Event "SVR-ch Seniors 30th"]
[Site "Nickenich"]
[Date "2007.04.07"]
[Round "7"]
[White "Walter, Berthold"]
[Black "Denda, Ronald"]
[Result "1-0"]
[WhiteElo "2076"]
[BlackElo "2053"]
[PlyCount "117"]
[EventDate "2007.03.30"]
[EventType "tourn"]
[EventRounds "7"]
[EventCountry "GER"]
[SourceTitle "EXT 2009"]
[Source "ChessBase"]
[SourceDate "2008.11.26"]
[SourceVersion "1"]
[SourceVersionDate "2008.11.26"]
[SourceQuality "1"]

1. e4 e5 2. Nf3 Nc6 3. Bb5 a6 4. Ba4 d6 5. c3 Bd7 6. 0-0 b5 7. Bb3 Na5 8. Bc2 c5 9. d4 Nc6 10. Re1 Nf6 11. dxc5 dxc5 12. Nbd2 Be7 13. Nf1 0-0 14. Ne3 Be6 15. Qe2 Qc7 16. Ng5 Rad8 17. Nxe6 fxe6 18. a4 Qb6 19. axb5 axb5 20. Nf1 c4 21. b3 Na5 22. Be3 Qc7 23. b4 Nc6 24. Ra6 Ra8 25. Rea1 Rxa6 26. Rxa6 h6 27. Nd2 Rb8 28. g3 Qb7 29. Rb6 Qc7 30. Rxb8+ Qxb8 31. f4 exf4 32. gxf4 e5 33. f5 Qe8 34. Nxc4 bxc4 35. Qxc4+ Kh7 36. Ba4 Qh5 37. Bxc6 Qg4+ 38. Kf2 Qh4+ 39. Ke2 Qxh2+ 40. Kd1 Qh1+ 41. Kc2 Qg2+ 42. Kb3 h5 43. Qf7 Bd6 44. Qe6 h4 45. Be8 Nxe8 46. Qxe8 Qxe4 47. Qg6+ Kh8 48. Qxd6 Qxe3 49. Qd8+ Kh7 50. Qxh4+ Kg8 51. Qc4+ Kf8 52. Qc5+ Qxc5 53. bxc5 Ke7 54. Kc4 Kf6 55. Kd5 Kxf5 56. c6 e4 57. c7 e3 58. c8Q+ Kf4 59. Qf8+ 1-0

[Event "SVR-ch Seniors 30th"]
[Site "Nickenich"]
[Date "2007.04.01"]
[Round "3"]
[White "Walter, Berthold"]
[Black "Melnikov, Valeri"]
[Result "1-0"]
[WhiteElo "2076"]
[BlackElo "1938"]
[PlyCount "143"]
[EventDate "2007.03.30"]
[EventType "tourn"]
[EventRounds "7"]
[EventCountry "GER"]
[SourceTitle "EXT 2009"]
[Source "ChessBase"]
[SourceDate "2008.11.26"]
[SourceVersion "1"]
[SourceVersionDate "2008.11.26"]
[SourceQuality "1"]

1. e4 c6 2. d4 d5 3. exd5 cxd5 4. c4 Nf6 5. c5 Nc6 6. Nf3 Bg4 7. Be2 Bxf3 8. Bxf3 e5 9. dxe5 Nxe5 10. b4 Nxf3+ 11. Qxf3 a5 12. 0-0 axb4 13. Re1+ Be7 14. Qe3 Ra6 15. Bd2 Re6 16. Qd4 Rxe1+ 17. Bxe1 Ne4 18. Qxb4 Nxc5 19. Nc3 0-0 20. Rd1 Bd6 21. Rxd5 Qe7 22. Rd1 Re8 23. Nd5 Qe2 24. Qd2 Qxd2 25. Bxd2 Ra8 26. Nb4 Ne4 27. Be1 Bc5 28. g3 f6 29. Kg2 Bxb4 30. Bxb4 Rxa2 31. Kf3 Ng5+ 32. Ke3 Ne6 33. Rd7 Ra7 34. Re7 Ng5 35. h4 Ra4 36. Rxb7 Ne6 37. f4 f5 38. Kd3 Ra1 39. Re7 Ra6 40. Kc4 Rb6 41. h5 h6 42. Rd7 Rb8 43. Re7 Rb6 44. Ra7 Rb8 45. Bd6 Rd8 46. Kd5 Nd4 47. Rb7 Ne2 48. Rb3 Rd7 49. Rb8+ Kh7 50. Ke6 Ra7 51. Kxf5 Nxg3+ 52. Kg4 Ne4 53. Be5 Rf7 54. Rb6 Nc5 55. Rd6 Rb7 56. Kf5 Rf7+ 57. Kg4 Ne4 58. Rc6 Nf2+ 59. Kf3 Nd3 60. Bb8 Re7 61. Rc3 Rb7 62. Bd6 Nb2 63. Ke4 Nd1 64. Rc2 Rd7 65. Be5 Kg8 66. Bd4 Kf7 67. Rc1 Re7+ 68. Kf3 Re1 69. Rc7+ Ke8 70. Rxg7 Rh1 71. Ke4 Rxh5 72. Rg1 1-0

[Event "SVR-ch Seniors 30th"]
[Site "Nickenich"]
[Date "2007.03.31"]
[Round "2"]
[White "Schmidt, Hans Georg"]
[Black "Walter, Berthold"]
[Result "0-1"]
[WhiteElo "1413"]
[BlackElo "2076"]
[PlyCount "74"]
[EventDate "2007.03.30"]
[EventType "tourn"]
[EventRounds "7"]
[EventCountry "GER"]
[SourceTitle "EXT 2009"]
[Source "ChessBase"]
[SourceDate "2008.11.26"]
[SourceVersion "1"]
[SourceVersionDate "2008.11.26"]
[SourceQuality "1"]

1. d4 Nf6 2. e3 e6 3. f4 d5 4. Bd3 c5 5. c3 cxd4 6. exd4 Nc6 7. Nf3 Be7 8. 0-0 Ne4 9. Ne5 Nxe5 10. fxe5 f5 11. Nd2 Bd7 12. Nf3 Bc6 13. Qc2 g5 14. b3 g4 15. Ne1 Qd7 16. Bf4 h5 17. c4 dxc4 18. Bxc4 Qxd4+ 19. Kh1 Qxa1 20. Nf3 gxf3 21. Rxa1 fxg2+ 22. Kxg2 Rg8+ 23. Kf1 Bc5 24. Bg3 Nxg3+ 25. hxg3 Rxg3 26. Ke1 Re3+ 27. Be2 Bb4+ 28. Kf2 Rc3 29. Bxh5+ Ke7 30. Qb2 Rh8 31. Qe2 Bc5+ 32. Kf1 Rh3 33. Qc4 b6 34. Qa6 R8xh5 35. Qxa7+ Bd7 36. Rd1 Rh1+ 37. Ke2 R5h2+ 0-1

[Event "GER-chT Seniors 15th"]
[Site "Bad Blankenburg"]
[Date "2006.09.07"]
[Round "5.2"]
[White "Walter, Berthold"]
[Black "Wiemer, Juergen"]
[Result "1-0"]
[WhiteElo "2076"]
[BlackElo "2097"]
[PlyCount "67"]
[EventDate "2006.09.03"]
[EventType "team-swiss"]
[EventRounds "7"]
[EventCountry "GER"]
[SourceTitle "CBM 114 Extra"]
[Source "ChessBase"]
[SourceDate "2006.11.03"]
[SourceVersion "1"]
[SourceVersionDate "2006.11.03"]
[SourceQuality "1"]

1. e4 Nc6 2. d4 e6 3. Nf3 d5 4. e5 h6 5. c3 a6 6. Bd3 Bd7 7. 0-0 Nge7 8. Re1 Na5 9. Nbd2 Bb5 10. Bc2 b6 11. a4 Bd7 12. b4 Nc4 13. Nxc4 dxc4 14. Qe2 b5 15. Be4 c6 16. axb5 axb5 17. Bb2 Rxa1 18. Rxa1 Nd5 19. g3 Be7 20. Nd2 Nb6 21. f4 g6 22. Nf1 Nd5 23. Qf3 0-0 24. Bc1 Kg7 25. g4 Rg8 26. Ng3 Rf8 27. f5 Bg5 28. f6+ Kh7 29. Bxg5 hxg5 30. Bxd5 cxd5 31. Ne4 Rh8 32. Nxg5+ Kg8 33. Ra7 Be8 34. Qf1 1-0

[Event "GER-chT Seniors 15th"]
[Site "Bad Blankenburg"]
[Date "2006.09.06"]
[Round "4.2"]
[White "Muench, Klaus Norbert"]
[Black "Walter, Berthold"]
[Result "1/2-1/2"]
[WhiteElo "2023"]
[BlackElo "2076"]
[PlyCount "46"]
[EventDate "2006.09.03"]
[EventType "team-swiss"]
[EventRounds "7"]
[EventCountry "GER"]
[SourceTitle "CBM 114 Extra"]
[Source "ChessBase"]
[SourceDate "2006.11.03"]
[SourceVersion "1"]
[SourceVersionDate "2006.11.03"]
[SourceQuality "1"]

1. Nf3 Nf6 2. g3 g6 3. Bg2 Bg7 4. 0-0 d6 5. d4 0-0 6. c4 c5 7. d5 a6 8. a4 Nbd7 9. Nc3 Rb8 10. Qd3 Ng4 11. e4 Nde5 12. Nxe5 Nxe5 13. Qe2 Bg4 14. f3 Bd7 15. h3 b5 16. cxb5 axb5 17. f4 Nc4 18. axb5 Bxc3 19. bxc3 Bxb5 20. Rf2 Ne5 21. Qd1 Nd3 22. Rfa2 Nxc1 23. Qxc1 Bc4 1/2-1/2

[Event "GER-chT Seniors 15th"]
[Site "Bad Blankenburg"]
[Date "2006.09.03"]
[Round "1.2"]
[White "Raedeker, Bernd"]
[Black "Walter, Berthold"]
[Result "1-0"]
[WhiteElo "2260"]
[BlackElo "2076"]
[PlyCount "109"]
[EventDate "2006.09.03"]
[EventType "team-swiss"]
[EventRounds "7"]
[EventCountry "GER"]
[SourceTitle "CBM 114 Extra"]
[Source "ChessBase"]
[SourceDate "2006.11.03"]
[SourceVersion "1"]
[SourceVersionDate "2006.11.03"]
[SourceQuality "1"]

1. d4 Nf6 2. c4 e6 3. Nf3 Bb4+ 4. Bd2 Bxd2+ 5. Qxd2 0-0 6. Nc3 b6 7. g3 Bb7 8. Bg2 d6 9. 0-0 Nbd7 10. Qc2 Re8 11. e4 e5 12. d5 a5 13. a3 Nf8 14. b4 Ba6 15. Nd2 Bc8 16. Rfc1 Bd7 17. c5 dxc5 18. bxc5 Qe7 19. cxb6 cxb6 20. Qb2 Rab8 21. Nb5 Bxb5 22. Qxb5 N6d7 23. Rc6 Rec8 24. Nc4 Qd8 25. Rd1 f6 26. Bh3 Rc7 27. Be6+ Kh8 28. Nd6 Nc5 29. Nf7+ Rxf7 30. Bxf7 Nxe4 31. d6 Qd7 32. Qd5 Ng5 33. h4 Nxf7 34. Rc7 Qxd6 35. Qxd6 Nxd6 36. Rxd6 Kg8 37. a4 h6 38. Rcc6 b5 39. axb5 Rxb5 40. Rd8 Rb7 41. Rcc8 Rf7 42. h5 f5 43. Ra8 f4 44. gxf4 Rxf4 45. Rxa5 Rf5 46. Raa8 g6 47. hxg6 Kg7 48. Rd6 Nxg6 49. Ra7+ Rf7 50. Rxf7+ Kxf7 51. Kg2 Nf4+ 52. Kf3 Ne6 53. Ke4 Ng5+ 54. Kxe5 Kg7 55. Kf5 1-0

[Event "SVR-ch Seniors 29th"]
[Site "Koblenz"]
[Date "2006.04.14"]
[Round "6"]
[White "Mehlem, Harald"]
[Black "Walter, Berthold"]
[Result "0-1"]
[WhiteElo "1634"]
[BlackElo "2076"]
[PlyCount "106"]
[EventDate "2006.04.07"]
[EventType "swiss"]
[EventRounds "7"]
[EventCountry "GER"]
[SourceTitle "EXT 2009"]
[Source "ChessBase"]
[SourceDate "2008.11.26"]
[SourceVersion "1"]
[SourceVersionDate "2008.11.26"]
[SourceQuality "1"]

1. d4 Nf6 2. Nf3 e6 3. c3 d5 4. Bg5 h6 5. Bh4 Be7 6. e3 Nbd7 7. Bd3 c5 8. dxc5 Nxc5 9. Bb5+ Bd7 10. Bxd7+ Qxd7 11. a4 0-0 12. 0-0 Rac8 13. Bg3 Nfe4 14. Be5 f6 15. Bd4 e5 16. Bxc5 Nxc5 17. Nbd2 Qe6 18. Ne1 Rfd8 19. Qc2 Bd6 20. b4 Nd7 21. Qb3 e4 22. Nc2 Qe5 23. f4 exf3 24. Nxf3 Rxc3 25. Qa2 Qe4 26. Nfd4 Rdc8 27. Rad1 Nb6 28. Rf2 Nc4 29. Nf5 Bb8 30. Rxd5 Qe6 31. Rd1 Qf7 32. Ncd4 Ra3 33. Qe2 Kh7 34. Qg4 Ne5 35. Qe4 g6 36. Nb5 Rc4 37. Qb1 Rxa4 38. Nfd6 Qe7 39. Nxc4 Rxb4 40. Rb2 Rxc4 41. Nd4 b6 42. Rb3 h5 43. Qb2 Bd6 44. Qe2 Bc5 45. Re1 Qf7 46. Nf3 Re4 47. Qc2 Rc4 48. Nxe5 fxe5 49. Qd1 e4 50. Kh1 a5 51. Rb2 Rc3 52. Rf1 Qc4 53. Qd8 Qxf1# 0-1

[Event "SVR-ch Seniors 29th"]
[Site "Koblenz"]
[Date "2006.04.09"]
[Round "3"]
[White "Walter, Berthold"]
[Black "Neumann, Horst"]
[Result "1/2-1/2"]
[WhiteElo "2076"]
[BlackElo "2026"]
[PlyCount "40"]
[EventDate "2006.04.07"]
[EventType "swiss"]
[EventRounds "7"]
[EventCountry "GER"]
[SourceTitle "EXT 2009"]
[Source "ChessBase"]
[SourceDate "2008.11.26"]
[SourceVersion "1"]
[SourceVersionDate "2008.11.26"]
[SourceQuality "1"]

1. e4 c6 2. d4 d5 3. exd5 cxd5 4. c4 Nf6 5. Nf3 g6 6. Nc3 Bg7 7. Bf4 0-0 8. h3 a6 9. c5 Bd7 10. Ne5 Nc6 11. Be2 e6 12. 0-0 Ne4 13. Nxe4 dxe4 14. b4 Nxb4 15. Qb1 Nd5 16. Bd2 Bxe5 17. dxe5 Bc6 18. Rd1 Qe7 19. Qc1 Qc7 20. Qb2 Rac8 1/2-1/2

[Event "SVR-ch Seniors 29th"]
[Site "Koblenz"]
[Date "2006.04.07"]
[Round "1"]
[White "Walter, Berthold"]
[Black "Paetzold, Horst"]
[Result "1-0"]
[WhiteElo "2076"]
[BlackElo "1722"]
[PlyCount "67"]
[EventDate "2006.04.07"]
[EventType "swiss"]
[EventRounds "7"]
[EventCountry "GER"]
[SourceTitle "EXT 2009"]
[Source "ChessBase"]
[SourceDate "2008.11.26"]
[SourceVersion "1"]
[SourceVersionDate "2008.11.26"]
[SourceQuality "1"]

1. e4 c5 2. Nf3 Nc6 3. d4 cxd4 4. Nxd4 Nf6 5. Nc3 g6 6. Be2 Bg7 7. Nb3 0-0 8. 0-0 e6 9. Bg5 b6 10. f4 Qc7 11. Bf3 a6 12. e5 Ne8 13. Be7 Bb7 14. Bxf8 Kxf8 15. Ne4 Rd8 16. c4 d6 17. exd6 Nxd6 18. Qe2 Nf5 19. Rad1 Qxf4 20. Rxd8+ Nxd8 21. Rd1 Ke7 22. c5 b5 23. g3 Qe3+ 24. Qxe3 Nxe3 25. Rd3 Nc4 26. Ned2 Bxf3 27. Nxf3 Nxb2 28. Rd6 a5 29. Nxa5 Bc3 30. Ra6 Bb4 31. Nb3 Na4 32. c6 Kd6 33. Nfd4 Nc3 34. a3 1-0

[Event "GER-chT Seniors 14th"]
[Site "Sottrum"]
[Date "2005.09.23"]
[Round "6"]
[White "Walter, Berthold"]
[Black "Gerhardt, Peter Michael"]
[Result "0-1"]
[WhiteElo "2083"]
[BlackElo "2134"]
[PlyCount "80"]
[EventDate "2005.09.18"]
[EventType "team-swiss"]
[EventRounds "7"]
[EventCountry "GER"]
[SourceTitle "CBM 108 Extra"]
[Source "ChessBase"]
[SourceDate "2005.11.04"]
[SourceVersion "1"]
[SourceVersionDate "2005.11.04"]
[SourceQuality "1"]

1. e4 g6 2. d4 Bg7 3. c4 d6 4. Nc3 Nd7 5. Be3 e5 6. d5 b6 7. h4 h5 8. g3 a5 9. Bg2 Nc5 10. Na4 Bd7 11. Nxc5 bxc5 12. Ne2 Nf6 13. Bg5 Qb8 14. Qc2 0-0 15. 0-0 Nh7 16. Bd2 f5 17. Rab1 f4 18. gxf4 Qd8 19. fxe5 Bxe5 20. f4 Bf6 21. e5 Bf5 22. Be4 Bxh4 23. Bxf5 Rxf5 24. Qd3 Qe7 25. Ng3 Rf7 26. e6 Rg7 27. Kh2 Nf6 28. Kh3 Ng4 29. f5 Rf8 30. Bc3 Bf6 31. Bxf6 Rxf6 32. Qc3 Qf8 33. Qxa5 Ne3 34. Rf4 g5 35. Re4 g4+ 36. Kh2 Nxf5 37. Nxf5 Rxf5 38. Qe1 g3+ 39. Kg2 Rf2+ 40. Kg1 Qf3 0-1

[Event "Rheinland-ch Seniors 28th"]
[Site "Trier"]
[Date "2005.??.??"]
[Round "6"]
[White "Walter, Berthold"]
[Black "Rueggeberg, Wilhelm"]
[Result "1-0"]
[WhiteElo "2080"]
[BlackElo "2035"]
[PlyCount "57"]
[EventDate "2005.03.??"]
[EventType "tourn"]
[EventRounds "7"]
[EventCountry "GER"]
[SourceTitle "EXT 2009"]
[Source "ChessBase"]
[SourceDate "2008.11.26"]
[SourceVersion "1"]
[SourceVersionDate "2008.11.26"]
[SourceQuality "1"]

1. e4 c5 2. Nf3 Nc6 3. d4 cxd4 4. Nxd4 Nf6 5. Nc3 d6 6. Be2 e6 7. 0-0 Be7 8. Be3 0-0 9. f4 a6 10. Kh1 Qc7 11. Bf3 Rd8 12. Qe1 Bf8 13. Qf2 Qe7 14. Rfe1 Bd7 15. Rad1 Rac8 16. Nb3 Ne8 17. Bb6 Nc7 18. e5 dxe5 19. fxe5 Qg5 20. Ne4 Qg6 21. Nd6 Bxd6 22. exd6 Nd5 23. Bxd8 Nxd8 24. Bxd5 exd5 25. Nc5 Qxd6 26. Nxd7 Qxd7 27. Rxd5 Qc6 28. Rc5 Qxc5 29. Qxc5 1-0

[Event "GER-chT Seniors 13th"]
[Site "Dresden"]
[Date "2004.08.06"]
[Round "6"]
[White "Meier, Wolfgang"]
[Black "Walter, Berthold"]
[Result "1-0"]
[WhiteElo "2114"]
[BlackElo "2085"]
[PlyCount "145"]
[EventDate "2004.08.01"]
[EventType "team"]
[EventRounds "7"]
[EventCountry "GER"]
[SourceTitle "CBM 103 Extra"]
[Source "ChessBase"]
[SourceDate "2005.01.01"]
[SourceVersion "1"]
[SourceVersionDate "2005.01.01"]
[SourceQuality "1"]

1. c4 Nf6 2. Nc3 e6 3. Nf3 d5 4. d4 Be7 5. Bf4 c6 6. e3 0-0 7. Rc1 Nbd7 8. Be2 Re8 9. 0-0 Nh5 10. Bg3 Nxg3 11. hxg3 Bf6 12. b4 dxc4 13. Bxc4 Nb6 14. Bb3 Nd5 15. a3 b6 16. Ne4 Bb7 17. Nxf6+ Nxf6 18. Ne5 Qd6 19. Qc2 Rec8 20. Qb2 Ne4 21. Ba2 Qe7 22. Bb1 Nd6 23. Rfd1 f6 24. Nd3 Ba6 25. Qb3 Bxd3 26. Qxd3 f5 27. g4 g6 28. gxf5 exf5 29. d5 c5 30. bxc5 Rxc5 31. Rxc5 bxc5 32. Qc3 Rc8 33. Ba2 h5 34. Rb1 Kh7 35. a4 Qh4 36. Qe5 Qd8 37. Bb3 Qd7 38. Bc2 Re8 39. Qf6 Rc8 40. a5 Re8 41. a6 Qe7 42. Qc3 Qc7 43. Ba4 Rd8 44. Qe5 Rb8 45. Rb7 Rxb7 46. axb7 Qd8 47. Bc6 a5 48. Qc3 c4 49. Qb2 Qb8 50. f3 a4 51. Kf2 f4 52. e4 c3 53. Qxc3 Qa7+ 54. Kf1 a3 55. b8Q Qxb8 56. Qxa3 Qb1+ 57. Kf2 Qb6+ 58. Ke2 Qb8 59. Qc1 g5 60. Qc2 Kg6 61. e5+ Nf5 62. d6 g4 63. Bd7 gxf3+ 64. gxf3 Kh6 65. Bxf5 Qb5+ 66. Kf2 Qxe5 67. d7 Qd4+ 68. Kf1 Qa1+ 69. Kg2 Qg7+ 70. Kh1 Qa1+ 71. Kh2 Qf6 72. Bh3 Kg5 73. Qf5+ 1-0

[Event "SVR-ch Seniors 27th"]
[Site "Hoehr-Grenzhausen"]
[Date "2004.??.??"]
[Round "5"]
[White "Buzov, Boris"]
[Black "Walter, Berthold"]
[Result "0-1"]
[WhiteElo "2200"]
[BlackElo "2090"]
[PlyCount "94"]
[EventDate "2004.??.??"]
[EventType "tourn"]
[EventRounds "7"]
[EventCountry "GER"]
[SourceTitle "EXT 2009"]
[Source "ChessBase"]
[SourceDate "2008.11.26"]
[SourceVersion "1"]
[SourceVersionDate "2008.11.26"]
[SourceQuality "1"]

1. e4 e5 2. Nf3 Nc6 3. Bc4 Bc5 4. c3 Qe7 5. d3 Nf6 6. Bb3 d6 7. Nbd2 Be6 8. Nc4 0-0-0 9. Qe2 Ng4 10. Be3 d5 11. Bxc5 Qxc5 12. exd5 Bxd5 13. Ng5 Nh6 14. Ne3 Bxb3 15. axb3 Rhe8 16. b4 Qb5 17. Rd1 e4 18. Nxe4 f5 19. Qh5 a6 20. Nf6 Re6 21. Nxh7 f4 22. Qh3 Qf5 23. Ng5 Qxh3 24. gxh3 Re7 25. Kd2 fxe3+ 26. fxe3 Ne5 27. Kc2 Nhf7 28. Rhg1 Nxg5 29. Rxg5 Nf3 30. Rg3 Rxe3 31. Rxg7 Ne1+ 32. Kb3 Nxd3 33. Rf1 Ne5 34. Re7 Nc4 35. Rxe3 Nxe3 36. Rf3 Re8 37. h4 b5 38. Ka2 Nc4 39. h5 Re2 40. Rh3 Re7 41. Rg3 Rh7 42. Rg5 Nd6 43. Ka3 Kd7 44. b3 Ne4 45. Rg6 Rxh5 46. c4 Rxh2 47. cxb5 Nc3 0-1

[Event "SVR-ch Seniors"]
[Site "Koblenz"]
[Date "2003.04.17"]
[Round "5"]
[White "Walter, Berthold"]
[Black "Kneip, Jakob1111"]
[Result "0-1"]
[WhiteElo "1980"]
[BlackElo "1598"]
[PlyCount "74"]
[EventDate "2003.04.11"]
[EventType "tourn"]
[EventRounds "7"]
[EventCountry "GER"]
[SourceTitle "EXT 2004"]
[Source "ChessBase"]
[SourceDate "2003.11.25"]
[SourceVersion "1"]
[SourceVersionDate "2003.11.25"]
[SourceQuality "1"]

1. e4 e5 2. Nf3 Nc6 3. Bb5 d6 4. d4 Bd7 5. Nc3 f6 6. 0-0 a6 7. Ba4 b5 8. Bb3 Nge7 9. dxe5 Nxe5 10. a4 b4 11. Nxe5 dxe5 12. Nd5 Nc6 13. Be3 Na5 14. Ba2 Rb8 15. c3 b3 16. Bb1 c6 17. Nb4 Bxb4 18. cxb4 Rxb4 19. Qe1 Rb7 20. Bd3 0-0 21. Bd2 Be6 22. Bxa6 Ra7 23. Bxa5 Qb8 24. Qe2 Qa8 25. Bb4 Rxa6 26. Bxf8 Kxf8 27. Qd2 Rxa4 28. Qd6+ Kf7 29. Rac1 Rc4 30. Rxc4 Bxc4 31. Qd7+ Kg6 32. Rd1 h5 33. g4 h4 34. Qf5+ Kf7 35. Rd7+ Kg8 36. Rc7 Qa1+ 37. Kg2 Bf1+ 0-1

[Event "SVR-ch Seniors"]
[Site "Koblenz"]
[Date "2003.04.11"]
[Round "1"]
[White "Walter, Berthold"]
[Black "Wittelsberger, Helmut"]
[Result "1-0"]
[WhiteElo "1980"]
[BlackElo "1847"]
[PlyCount "185"]
[EventDate "2003.04.11"]
[EventType "tourn"]
[EventRounds "7"]
[EventCountry "GER"]
[SourceTitle "EXT 2004"]
[Source "ChessBase"]
[SourceDate "2003.11.25"]
[SourceVersion "1"]
[SourceVersionDate "2003.11.25"]
[SourceQuality "1"]

1. e4 c5 2. Nf3 d6 3. d4 cxd4 4. Nxd4 Nf6 5. Nc3 a6 6. Be2 g6 7. f4 Bg7 8. Be3 b5 9. e5 dxe5 10. fxe5 Nd5 11. Nxd5 Qxd5 12. Bf3 Qxe5 13. Qe2 Ra7 14. Nc6 Nxc6 15. Bxc6+ Bd7 16. Bxa7 Qxe2+ 17. Kxe2 Bxc6 18. c3 Bxg2 19. Rhd1 Bh3 20. Kf3 h5 21. Kg3 Be6 22. Bd4 0-0 23. Bxg7 Kxg7 24. Rd2 Rc8 25. a4 Bc4 26. axb5 Bxb5 27. Rc1 Rc4 28. b3 Rg4+ 29. Kf2 Bc6 30. c4 Rh4 31. Ke3 Rh3+ 32. Kd4 Rxb3 33. Kc5 Bf3 34. Ra1 Rb8 35. Rxa6 Rc8+ 36. Kb5 Rb8+ 37. Rb6 Rxb6+ 38. Kxb6 e6 39. c5 g5 40. Kc7 g4 41. Kd6 Kg6 42. Ke5 Kg5 43. Rd8 Kh4 44. Kf4 Kh3 45. Rd3 Kg2 46. Rd2+ Kh3 47. Rf2 Bd5 48. Rd2 Bf3 49. Rd3 Kg2 50. h4 Bc6 51. Rd6 Ba8 52. Rd8 Bc6 53. Rh8 Kf2 54. Rxh5 g3 55. Rg5 g2 56. h5 f6 57. Rxg2+ Kxg2 58. h6 e5+ 59. Kf5 Kf3 60. Kxf6 e4 61. h7 e3 62. h8Q e2 63. Qh1+ Kf2 64. Qxc6 e1Q 65. Qd6 Qc3+ 66. Qe5 Qc4 67. Ke7 Qb4 68. Qf6+ Kg3 69. Qd6+ Kg4 70. c6 Qb2 71. Qe6+ Kg3 72. c7 Qg7+ 73. Kd8 Qf8+ 74. Kd7 Qg7+ 75. Kd6 Qd4+ 76. Qd5 Qf6+ 77. Kd7 Qg7+ 78. Kc6 Qc3+ 79. Qc5 Qf3+ 80. Kb6 Qb3+ 81. Qb5 Qe6+ 82. Kb7 Qe4+ 83. Kb8 Qf4 84. Qd3+ Kg2 85. Qd5+ Kh3 86. Qe6+ Kg2 87. Kb7 Qb4+ 88. Qb6 Qe7 89. Qc6+ Kh2 90. Qc2+ Kh3 91. Qc4 Kh2 92. Qf4+ Kh1 93. Kb8 1-0